000 01021nam a2200301 i 4500
001 000020749
003 DO-SdBNP
005 20240229073831.0
007 ta
008 100813s2015 dr r 000 0 spa d
020 _a9789945443622 (serie)
020 _a9789945582314 (volumen)
040 _aDO-SdBNP
_bspa
_cBNPHU
_erda
082 4 _222
245 0 0 _aEscribir sobre una ola :
_bcuentista del Banco Central /
_ceditora, Ángela Hernández Núñez.
264 4 _aSanto Domingo :
_bBanco Central de la República Dominicana,
_c2015.
300 _a305 páginas ;
_c23 cm.
336 _2rdacontent
_atexto
_btxt
337 _2rdamedia
_asin mediación
_bn
338 _2rdacarrier
_avolumen
_bnc
490 _aBanco Central de la República Dominicana
_v220
490 _aArte y Literatura
_v75
500 _aIncluye referencias bibliográficas y notas al pie de la páginas
590 _aInventariado, 2023/BT
700 1 _aHernández, Ángela,
_d1954-
_eeditora
_92564
910 _aBtavárez
942 _2ddc
_cLBS1
999 _c20253
_d20253